| 000 | 01031nam a22002772a 4500 | ||
|---|---|---|---|
| 001 | 30504 | ||
| 003 | BD-RjUL | ||
| 005 | 20211209051556.0 | ||
| 008 | 140410s1931 enka b 001 0 eng d | ||
| 035 |
_aOCLC ocm04455143 from D960508M _a(BD-RjUL)30590 |
||
| 040 |
_aDLC _cIAY _dIAY _dBD-RjUL _beng |
||
| 041 | _aeng | ||
| 082 |
_a153 _bMOI 1931 |
||
| 100 | 1 |
_aMontmasson, Joseph-Marie. _992682 |
|
| 245 | 1 | 0 |
_aInvention and the unconscious / _cby Joseph-Marie Montmasson; translated, with a preface, by H. Stafford Hatfield |
| 260 |
_aLondon : _bK. Paul, Trench, Trübner, _c1931. |
||
| 300 |
_axxiv, 338 p. ; _c23 cm |
||
| 490 | 1 | _aInternational library of psychology, philosophy, and scientific method | |
| 504 | _aIncludes index and Bibliography: p. 327-333 | ||
| 650 | 0 |
_aSubconsciousness _988881 |
|
| 650 | 0 |
_aScience _xMethodology _992683 |
|
| 700 | 1 |
_aHatfield, H. _q(Henry) _992684 |
|
| 830 | 0 |
_aInternational library of psychology, philosophy, and scientific method _992687 |
|
| 942 |
_2ddc _cBK |
||
| 999 |
_c30504 _d30504 |
||